000 00629aas a2200181 4500
999 _c57692
_d57692
001 768714001
003 CO-MdFUSB
005 20170829112939.0
008 170829s2005 xxu||||| |||| 00| 0 eng d
022 _a0120-3649
040 _aCO-MdFUSB
_bspa
_cCO-MdFUSB
_dCO-MdFUSB
041 _aeng
245 1 0 _aThe secret gospel of Mark :
_b is it Real? And does it identify "Bethany beyond the Jordan"?
300 _aVolumen 31. Número 1 (2005), páginas 44-49
_c: 28 cm.
546 _aTexto en inglés
773 0 _tBiblical Archaeology Review
_049395
_959453
_gVolumen 31. Número 1 (2005), páginas 44-49
_qPágina 44
942 _cANA